Statistieken voor 21 Best eredivisie players 2022/2023

Klik hier om de quiz te nemen!

Algemene statistieken

  • Deze quiz is 77 keer genomen
  • De gemiddelde score is 8 van 21

Antwoordstatistieken

HintAntwoord% Correct
PSVSimons
78%
FeyenoordGimenez
69%
FeyenoordKokcü
66%
AJAXTadic
63%
AJAXBerghuis
57%
FeyenoordHancko
54%
FeyenoordBijlow
51%
AZPavlidis
42%
SpartaOlij
39%
TwenteCerny
31%
UtrechtDouvikas
31%
GroningenPepi
31%
HeerenveenVan Hooijdonk
28%
FeyenoordSzymanski
24%
AJAXAlvarez
22%
AZClasie
19%
AZReijnders
19%
PSVSangaré
19%
HeerenveenVan Ewijk
18%
AJAXKlaassen
16%
TwenteSmal
13%

Scoreverdeling

Percentiel versus Aantal Correcte Antwoorden

Procent van Mensen met Elke Score

Uw Scoregeschiedenis

U heeft deze quiz nog niet genomen